The trails less travelled : (Record no. 94645)
[ view plain ]
| 000 -LEADER | |
|---|---|
| fixed length control field | 01389nam a22003137a 4500 |
| 005 - DATE AND TIME OF LATEST TRANSACTION | |
| control field | 20230301114729.0 |
| 010 ## - LCCN (DPL NO) | |
| LC control number | 1516EN07 ENG-113351 ENG-136079 |
| 020 ## - INTERNATIONAL STANDARD BOOK NUMBER | |
| International Standard Book Number | 9789383098767 |
| Terms of availability | 995.00 |
| 035 ## - SYSTEM CONTROL NUMBER | |
| System control number | EN-96883 |
| 035 ## - SYSTEM CONTROL NUMBER | |
| System control number | B-604429-433 |
| 035 ## - SYSTEM CONTROL NUMBER | |
| System control number | B-667426 |
| 035 ## - SYSTEM CONTROL NUMBER | |
| System control number | EN-119611 |
| 037 ## - SOURCE OF ACQUISITION | |
| Source of stock number/acquisition | Aakar/ven |
| 037 ## - SOURCE OF ACQUISITION | |
| Source of stock number/acquisition | DBAD/PUB |
| 082 ## - DEWEY DECIMAL CLASSIFICATION NUMBER | |
| Classification number | 796.51095452 |
| 100 ## - MAIN ENTRY--PERSONAL NAME | |
| Personal name | Shukla, Avay |
| 245 ## - TITLE STATEMENT | |
| Title | The trails less travelled : |
| Remainder of title | trekking the Himachal Himalayas / |
| Statement of responsibility, etc | by Avay Shukla |
| 260 ## - PUBLICATION, DISTRIBUTION, ETC. (IMPRINT) | |
| Place of publication, distribution, etc | New Delhi |
| Name of publisher, distributor, etc | Niyogi Books |
| Date of publication, distribution, etc | 2015 |
| 270 ## - ADDRESS | |
| Address | D-78, Okhla Industrial Area, Phase-I, |
| City | New Delhi |
| Postal code | 110020 |
| 300 ## - PHYSICAL DESCRIPTION | |
| Extent | 255p. |
| Dimensions | 23cm(pbk) |
| Other physical details | col. ill. |
| 500 ## - GENERAL NOTE | |
| General note | "Includes treks through the great Himalayan National Park-a UNESCO world heritage site"--Cover. |
| 500 ## - GENERAL NOTE | |
| General note | Includes index |
| 600 ## - SUBJECT ADDED ENTRY--PERSONAL NAME | |
| Personal name | Shukla, Avay, |
| Dates associated with a name | 1950- |
| General subdivision | Travel |
| Geographic subdivision | India |
| -- | Himachal Pradesh. |
| 650 ## - SUBJECT ADDED ENTRY--TOPICAL TERM | |
| Topical term or geographic name as entry element | Hiking |
| Geographic subdivision | India |
| -- | Himachal Pradesh. |
| 650 ## - SUBJECT ADDED ENTRY--TOPICAL TERM | |
| Topical term or geographic name as entry element | Forests and forestry |
| Geographic subdivision | India |
| -- | Himachal Pradesh. |
| 942 ## - ADDED ENTRY ELEMENTS (KOHA) | |
| Source of classification or shelving scheme | Dewey Decimal Classification |
| Item type | English Books |
| Call number suffix | SHU |
| Classification part | 796.51095452 |
| Withdrawn status | Lost status | Not for loan | Collection code | Home library | Current library | Date acquired | Source of acquisition | Cost, normal purchase price | Full call number | Barcode | Copy number | Cost, replacement price | Koha item type |
|---|---|---|---|---|---|---|---|---|---|---|---|---|---|
| Non-fiction | Ashok Vihar | Ashok Vihar | 21/07/2017 | BPPD/EN/2015-16/AV/16-17/386/15.2.2017/I-3330/1.3.2017/ 17.3.2017 | 995.00 | 796.51095452 SHU | B-667426 | 1 | 995.00 | English Books | |||
| Non-fiction | Central Library | Central Library | 29/07/2016 | I-1239/30.9.2015/109/16.9.2015/15.10.2015 | 995.00 | 796.51095452 SHU | B-604429 | 1 | 995.00 | English Books | |||
| Not For Loan | Non-fiction | D.B.Act.Division | D.B.Act.Division | 03/07/2015 | DBAD/PUB | 995.00 | 796.51095452 SHU | EN-96883 | 1 | 995.00 | English Books | ||
| Non-fiction | Janak Puri | Janak Puri | 29/07/2016 | I-1239/30.9.2015/109/16.9.2015/15.10.2015 | 995.00 | 796.51095452 SHU | B-604431 | 1 | 995.00 | English Books | |||
| Non-fiction | Karol Bagh | Karol Bagh | 29/07/2016 | I-1239/30.9.2015/109/16.9.2015/15.10.2015 | 995.00 | 796.51095452 SHU | B-604433 | 1 | 995.00 | English Books | |||
| Non-fiction | Kasturba Gandhi Marg | Kasturba Gandhi Marg | 31/01/2023 | DBAD/PUB | 995.00 | 796.51095452 SHU | EN-119611 | 1 | 995.00 | English Books | |||
| Non-fiction | Patel Nagar | Patel Nagar | 29/07/2016 | I-1239/30.9.2015/109/16.9.2015/15.10.2015 | 995.00 | 796.51095452 SHU | B-604430 | 1 | 995.00 | English Books | |||
| Non-fiction | Sarojini Nagar | Sarojini Nagar | 29/07/2016 | I-1239/30.9.2015/109/16.9.2015/15.10.2015 | 995.00 | 796.51095452 SHU | B-604432 | 1 | 995.00 | English Books |
